Follow Your Rainbow/ (Record no. 210479)

MARC details
000 -LEADER
fixed length control field 00638nam a22002057a 4500
005 - DATE AND TIME OF LATEST TRANSACTION
control field 20250501171317.0
010 ## - LCCN (DPL NO)
LC control number ENG-144171
020 ## - INTERNATIONAL STANDARD BOOK NUMBER
International Standard Book Number 9789392568022
Terms of availability 300.00
035 ## - SYSTEM CONTROL NUMBER
System control number EN-127703
037 ## - SOURCE OF ACQUISITION
Source of stock number/acquisition DBAD
082 ## - DEWEY DECIMAL CLASSIFICATION NUMBER
Classification number 153.84
Edition number 1
100 ## - MAIN ENTRY--PERSONAL NAME
Personal name Shridhar R
245 ## - TITLE STATEMENT
Title Follow Your Rainbow/
Statement of responsibility, etc R.Shridhar
250 ## - EDITION STATEMENT
Edition statement 1
260 ## - PUBLICATION, DISTRIBUTION, ETC. (IMPRINT)
Place of publication, distribution, etc Chhattisgrah
Name of publisher, distributor, etc Aditi Publication
Date of publication, distribution, etc 2022
270 ## - ADDRESS
Address Aditi Publication Opp.New Panchajanya Vidya Mandir, Near Tiranga Chowk, Kushalpur,Raipur, Chhattisgrah,INDIA
City Raipur
Telephone number +91 9425210308
300 ## - PHYSICAL DESCRIPTION
Extent 108p.
Dimensions 20(pb)
760 ## - MAIN SERIES ENTRY
Edition 1
942 ## - ADDED ENTRY ELEMENTS (KOHA)
Source of classification or shelving scheme Dewey Decimal Classification
Item type English Books
Classification part 153.84
Call number suffix SHR
Edition 1
Holdings
Withdrawn status Lost status Not for loan Collection code Home library Current library Date acquired Source of acquisition Cost, normal purchase price Full call number Barcode Copy number Cost, replacement price Koha item type
        Central Library Central Library 25/03/2025     15384 SHR       English Books
        Central Library Central Library 25/03/2025     15384 SHR       English Books
      Fiction Patel Nagar Patel Nagar 25/03/2025 Delivery of Books Act Division 300.00 15384 SHR EN-127703 1 300.00 English Books

© Delhi Public Library
Hit Counter
free hit counter